000 00440nam a2200169 a 4500
001 0000-9292
003 ELIB.Books
008 110520 1992
035 _a(ELIB.Books)0000-9444
082 _a230
_bDot
100 _aDoty, Braut Lee
245 _aWhat the Bible Says About : Sin
260 _bGoplin: College Press Publishing Company
_c1992
650 _aTheology
942 _2ddc
_cBK
998 _cbat
_e2011-05-20
999 _c9292
_d9292